Central Library and Information Centre
Sibsagar Girls' College, Sivasagar : Assam

HISTORY OF ENGLISH LITERATURE (Record no. 6863)

MARC details
000 -LEADER
fixed length control field 00444cam a2200181ua 4500
008 - FIXED-LENGTH DATA ELEMENTS--GENERAL INFORMATION
fixed length control field 110914n II |||gr||||Z||||||eng
040 ## - CATALOGING SOURCE
Original cataloging agency MAIN
041 ## - LANGUAGE CODE
-- English
082 ## - DEWEY DECIMAL CLASSIFICATION NUMBER
Classification number 820 LEG
100 ## - MAIN ENTRY--PERSONAL NAME
Personal name LEGOUIS, C.
245 ## - TITLE STATEMENT
Title HISTORY OF ENGLISH LITERATURE
260 ## - PUBLICATION, DISTRIBUTION, ETC.
Place of publication, distribution, etc. DELHI:
Name of publisher, distributor, etc. MACMILLAN INDIA LTD,
Date of publication, distribution, etc. 1988.
300 ## - PHYSICAL DESCRIPTION
Extent 1488.:
Dimensions 21CM.
700 ## - ADDED ENTRY--PERSONAL NAME
Personal name CAZAMIANS .
942 ## - ADDED ENTRY ELEMENTS (KOHA)
Koha item type Books
653 ## - INDEX TERM--UNCONTROLLED
Uncontrolled term English.& Old English literatures
Holdings
Withdrawn status Lost status Damaged status Not for loan Collection code Home library Current library Shelving location Date acquired Full call number Barcode Date last seen Copy number Price effective from Koha item type Public note
        REFENG Central Library and Information Centre Sibsagar Girls College Central Library and Information Centre Sibsagar Girls College ENGLISH BOOK RACK 19.08.1980 820 LEG 06135 27.02.2020 1 27.02.2020 Books V
        TBENG Central Library and Information Centre Sibsagar Girls College Central Library and Information Centre Sibsagar Girls College ENGLISH BOOK RACK 19.08.1980 820 LEG 06136 27.02.2020 2 27.02.2020 Books V


Sibsagar Girl's College © 2020. All rights reserved.
Powered by Koha.
Maintained by Abhijit Borpuzari.